| 000 | 00457nam a22001697a 4500 | ||
|---|---|---|---|
| 003 | OSt | ||
| 082 |
_a631.56 _bKIR/DE |
||
| 088 | _aP 519 | ||
| 100 |
_aKiran K J _94984 |
||
| 100 |
_aMayakekshmi K M _94985 |
||
| 100 |
_aRehna Salma Ali _94986 |
||
| 245 | _aDesign and Development of Wheel sprayer | ||
| 260 |
_aKCAET, Tavanur _bDepartment of Farm machinery Power Engineering _c2021 |
||
| 300 | _a49 p | ||
| 700 |
_aPreman P S (Guide) _94999 |
||
| 942 | _cPR | ||
| 999 |
_c17408 _d17408 |
||